[Event "AUTO-INT-745"]
[Site "http://www.queenalice.com/game.php?id=332664"]
[Date "2008.1.7"]
[Round "1"]
[White "sheepdog"]
[Black "Chazam"]
[Result "1-0"]
[WhiteElo "1424"]
[BlackElo "1649"]

1. d4 d5 2. Nc3 Nf6 3. Nf3 g6 4. Bf4 Nc6 5. Nb5 Rb8 6. Bxc7 Qd7 7. Bxb8 Nxb8 8.
e3 a6 9. Ne5 Qd8 10. Nc3 Qb6 11. Rb1 Nfd7 12. Qf3 Nxe5 13. dxe5 e6 14. Bd3 Bd7
15. O-O Nc6 16. e4 d4 17. Ne2 Nb4 18. c3 Nxd3 19. Qxd3 dxc3 20. bxc3 Qa5 21.
Rxb7 Qa4 22. Rb8+ Bc8 23. Rxc8+ Ke7 24. Qd8# 1-0

[Event "Game"]
[Site "http://www.queenalice.com/game.php?id=343885"]
[Date "2008.1.27"]
[Round "-"]
[White "rgoncalves"]
[Black "sheepdog"]
[Result "1-0"]
[WhiteElo "1471"]
[BlackElo "1508"]

1. e4 c5 2. c4 d6 3. Nf3 Nc6 4. Be2 Nf6 5. Nc3 Qb6 6. d4 cxd4 7. Na4 Qb4+ 8. Bd2
Qxd2+ 9. Nxd2 Be6 10. c5 dxc5 11. Nxc5 O-O-O 12. Bc4 Bxc4 13. Nxc4 b5 14. Qb3 b4
15. Qa4 e5 16. Qxc6+ Kb8 17. Qb7# 1-0

[Event "Game"]
[Site "http://www.queenalice.com/game.php?id=343886"]
[Date "2008.1.27"]
[Round "-"]
[White "sheepdog"]
[Black "rgoncalves"]
[Result "0-1"]
[WhiteElo "1412"]
[BlackElo "1583"]

1. d4 d5 2. Nf3 Nf6 3. Nc3 Bf5 4. Bf4 Nc6 5. Nb5 Rc8 6. c3 a6 7. Na3 e6 8. b4
Ne4 9. Qb3 Bd6 10. e3 Bxf4 11. exf4 O-O 12. Be2 a5 13. b5 Ne7 14. O-O Ng6 15. c4
Nxf4 16. Rfe1 c5 17. cxd5 exd5 18. Nc2 c4 19. Qa3 Nd6 20. Qe3 Bxc2 21. Qxf4 Nxb5
22. Rac1 Na3 23. Bd1 Be4 24. Ng5 f6 25. Ne6 Qe7 26. Nxf8 Kxf8 27. Qg4 Rc6 28.
Ba4 Re6 0-1

[Event "Game"]
[Site "http://www.queenalice.com/game.php?id=343929"]
[Date "2008.1.27"]
[Round "-"]
[White "sheepdog"]
[Black "castlerock"]
[Result "0-1"]
[WhiteElo "1521"]
[BlackElo "1302"]

1. d4 d5 2. Nc3 Nc6 3. Nf3 Bg4 4. Bf4 a6 5. h3 Bh5 6. g4 Bg6 7. Ne5 Nxe5 8. Bxe5
f6 9. Bf4 e5 10. dxe5 c6 11. exf6 Qxf6 12. e3 h5 13. g5 Qf7 14. h4 d4 15. Ne4
Bxe4 16. Rg1 Bb4+ 17. c3 dxc3 18. Ke2 Qc4+ 19. Ke1 cxb2+ 20. Qd2 Bxd2+ 21. Kd1
bxa1=Q+ 22. Kxd2 Qc2# 0-1

[Event "Game"]
[Site "http://www.queenalice.com/game.php?id=343930"]
[Date "2008.1.27"]
[Round "-"]
[White "castlerock"]
[Black "sheepdog"]
[Result "1-0"]
[WhiteElo "1388"]
[BlackElo "1513"]

1. e4 c5 2. d4 d6 3. d5 e5 4. Bc4 Nf6 5. Nc3 Qa5 6. Bd2 Na6 7. Nb5 Qb6 8. a4
Nxe4 9. Be3 Bf5 10. a5 Nc7 11. axb6 axb6 12. Nxc7+ Kd8 13. Nxa8 Be7 14. Nxb6 Kc7
15. Na8+ Kb8 16. c3 Kc8 17. f3 Nf6 18. Qa4 Bd7 19. Nb6+ Kc7 20. Qa5 Rb8 21. Na8+
Kc8 22. Qc7# 1-0

[Event "AUTO-INT-798"]
[Site "http://www.queenalice.com/game.php?id=356069"]
[Date "2008.2.17"]
[Round "1"]
[White "ulisses34"]
[Black "sheepdog"]
[Result "1-0"]
[WhiteElo "1684"]
[BlackElo "1403"]

1. e4 c5 2. Bc4 e5 3. Qf3 Nf6 4. d3 d6 5. Bd2 Bg4 6. Qg3 d5 7. exd5 h5 8. Bg5
Bd6 9. Nc3 e4 10. Qe3 Bf5 11. Nge2 Qb6 12. Qc1 O-O 13. Bxf6 gxf6 14. O-O Nd7 15.
dxe4 Bg6 16. f4 f5 17. e5 Rfe8 18. exd6 Qxd6 19. Nb5 Qb6 20. Nec3 Nf6 21. h3 Ne4
22. Kh2 1-0

[Event "AUTO-INT-798"]
[Site "http://www.queenalice.com/game.php?id=356070"]
[Date "2008.2.17"]
[Round "1"]
[White "sheepdog"]
[Black "ulisses34"]
[Result "0-1"]
[WhiteElo "1398"]
[BlackElo "1689"]

1. d4 d5 2. Nc3 Nf6 3. Bf4 Be6 4. Nb5 Na6 5. Nf3 Nh5 6. e3 Nxf4 7. exf4 Qd7 8.
Ne5 Qd8 9. Qf3 c6 10. Nc3 b5 11. f5 Qd6 12. fxe6 Qxe6 13. Bd3 Nb4 14. O-O Qf6
15. Ng4 Qxd4 16. a3 Nxd3 17. cxd3 b4 18. axb4 Qxb4 19. Rfb1 Qd6 20. Qg3 Qg6 21.
Re1 e6 22. Ne5 Qxg3 23. fxg3 Bb4 24. Nxc6 Bc5+ 25. Kf1 O-O 26. Rac1 Rfc8 0-1

[Event "AUTO-INT-798"]
[Site "http://www.queenalice.com/game.php?id=356085"]
[Date "2008.2.17"]
[Round "1"]
[White "sheepdog"]
[Black "zemaria"]
[Result "0-1"]
[WhiteElo "1427"]
[BlackElo "1704"]

1. d4 e6 2. Nf3 d5 3. Nc3 Bd6 4. e4 dxe4 5. Nxe4 Nf6 6. Bd3 Nxe4 7. Bxe4 Nd7 8.
Ng5 h6 9. Nf3 Nf6 10. Qe2 O-O 11. h3 c6 12. O-O Nxe4 13. Qxe4 Bc7 14. Be3 Qf6
15. g3 Re8 16. Ne5 Bxe5 0-1

[Event "AUTO-INT-798"]
[Site "http://www.queenalice.com/game.php?id=356086"]
[Date "2008.2.17"]
[Round "1"]
[White "zemaria"]
[Black "sheepdog"]
[Result "1-0"]
[WhiteElo "1699"]
[BlackElo "1432"]

1. e4 c5 2. d4 d6 3. d5 e5 4. Nf3 Nf6 5. Be2 Nxe4 6. Nfd2 Nf6 7. Nc4 b5 8. Ne3
Bb7 9. Bxb5+ Nbd7 10. O-O Qb6 11. a4 Be7 12. Nc3 O-O-O 13. Nf5 Bf8 14. Bg5 h6
15. Bxf6 gxf6 16. Qh5 a6 17. a5 Qc7 18. Bxd7+ 1-0

[Event "AUTO-INT-798"]
[Site "http://www.queenalice.com/game.php?id=356087"]
[Date "2008.2.17"]
[Round "1"]
[White "sheepdog"]
[Black "drpehrson"]
[Result "0-1"]
[WhiteElo "1478"]
[BlackElo "1705"]

1. d4 g6 2. e4 b6 3. e5 e6 4. g3 Ne7 5. Bg2 c6 6. Nc3 h6 7. f4 Bg7 8. Nf3 O-O 9.
O-O Ba6 10. Re1 Bb7 11. Bh3 a6 12. b3 Ra7 13. Ba3 f6 14. exf6 Bxf6 15. Bxe7 Qxe7
0-1

[Event "AUTO-INT-798"]
[Site "http://www.queenalice.com/game.php?id=356088"]
[Date "2008.2.17"]
[Round "1"]
[White "drpehrson"]
[Black "sheepdog"]
[Result "1-0"]
[WhiteElo "1697"]
[BlackElo "1486"]

1. c4 c5 2. g3 d6 3. Bg2 Nc6 4. e3 g6 5. h3 e5 6. d3 Nf6 7. a3 Bg7 8. Ne2 O-O 9.
Nbc3 Be6 10. O-O a6 11. Kh2 b5 12. b3 Nd7 13. Ra2 Qf6 14. Ne4 Qe7 15. h4 f5 16.
Ng5 1-0